Catálogo

LA UNIVERSIDAD LATINOAMERICANA EN EL FIN DE SIGLO : (Registro nro. 13870)

Detalles MARC
000 -LEADER
fixed length control field 00442nam a2200157 a 4500
001 - CONTROL NUMBER
control field 13870
005 - DATE AND TIME OF LATEST TRANSACTION
control field 20180713202311.0
008 - FIXED-LENGTH DATA ELEMENTS--GENERAL INFORMATION
fixed length control field 140415s1995 000 0 spa d
041 ## - LANGUAGE CODE
Language code of text/sound track or separate title spa
082 ## - DEWEY DECIMAL CLASSIFICATION NUMBER
Classification number 378.8
Item number UNI
245 03 - TITLE STATEMENT
Title LA UNIVERSIDAD LATINOAMERICANA EN EL FIN DE SIGLO :
Remainder of title REALIDADES Y FUTURO
260 ## - PUBLICATION, DISTRIBUTION, ETC.
Place of publication, distribution, etc. [s.l.] :
Name of publisher, distributor, etc. UDUAL,
Date of publication, distribution, etc. 1995
300 ## - PHYSICAL DESCRIPTION
Extent 138
490 ## - SERIES STATEMENT
Series statement UDUAL
Volume/sequential designation 4
650 14 - SUBJECT ADDED ENTRY--TOPICAL TERM
Topical term or geographic name entry element UNIVERSIDADES
General subdivision AMERICA LATINA
Existencias
Withdrawn status Lost status Source of classification or shelving scheme Damaged status Not for loan Collection code Home library Current library Shelving location Date acquired Source of acquisition Inventory number Total Checkouts Full call number Barcode Date last seen Price effective from Koha item type
    Dewey Decimal Classification     General Biblioteca Karol Wojtyla Biblioteca Karol Wojtyla Sala general 03/12/2013 Compra 151000000000000000045149   378.8 UNI 30866 05/01/2026 03/12/2013 Libro
    Dewey Decimal Classification     General Biblioteca Karol Wojtyla Biblioteca Karol Wojtyla Sala general 03/12/2013 Compra 151000000000000000045148   378.8 UNI 30865 05/01/2026 03/12/2013 Libro